|
|
|
|
| LEADER |
00000nam0a2200000 4500 |
| 001 |
350850 |
| 005 |
20231102010338.0 |
| 035 |
|
|
|a (RuTPU)RU\TPU\retro\5223
|
| 090 |
|
|
|a 350850
|
| 100 |
|
|
|a 20190313d1934 k y0rusy50 ca
|
| 101 |
0 |
|
|a rus
|
| 102 |
|
|
|a RU
|
| 105 |
|
|
|a a z 001zy
|
| 200 |
1 |
|
|a Катодное распыление
|f Ю. П. Маслаковец
|
| 210 |
|
|
|a Ленинград
|a Москва
|c Государственное технико-теоретическое изд-во
|d 1934
|
| 215 |
|
|
|a 58 с.
|c ил.
|
| 225 |
1 |
|
|a Проблемы новейшей физики
|v Вып. 18
|
| 316 |
|
|
|5 63413507: КР-6220
|a На обороте титульного листа владельческая подпись: "А. Воробьев"
|
| 317 |
|
|
|5 63413507: КР-6220
|a Поступила в НТБ в 1987 г. в дар от вдовы ученого Е. К. Завадовской
|
| 320 |
|
|
|a Библиогр.: с. 57
|
| 606 |
1 |
|
|a Катодное распыление
|2 stltpush
|3 (RuTPU)RU\TPU\subj\14106
|9 40574
|
| 610 |
1 |
|
|a физика
|
| 610 |
1 |
|
|a электричество
|
| 610 |
1 |
|
|a металлы
|
| 610 |
1 |
|
|a газовые разряды
|
| 610 |
1 |
|
|a катоды
|
| 610 |
1 |
|
|a аноды
|
| 610 |
1 |
|
|a библиотека А. А. Воробьева
|
| 610 |
1 |
|
|a дары библиотеке
|
| 675 |
|
|
|a 537.525
|v 4
|
| 700 |
|
1 |
|a Маслаковец
|b Ю. П.
|
| 801 |
|
1 |
|a RU
|b 63413507
|c 20190313
|
| 801 |
|
2 |
|a RU
|b 63413507
|c 20190516
|g RCR
|
| 942 |
|
|
|c BK
|